<?xml version="1.0" encoding="UTF-8"?>
<record
    xmlns:xsi="http://www.w3.org/2001/XMLSchema-instance"
    xsi:schemaLocation="http://www.loc.gov/MARC21/slim http://www.loc.gov/standards/marcxml/schema/MARC21slim.xsd"
    xmlns="http://www.loc.gov/MARC21/slim">

  <leader>01053nam a22002297a 4500</leader>
  <datafield tag="999" ind1=" " ind2=" ">
    <subfield code="c">58209</subfield>
    <subfield code="d">58209</subfield>
  </datafield>
  <controlfield tag="003">Ge_BSU</controlfield>
  <controlfield tag="005">20210916110756.0</controlfield>
  <controlfield tag="008">210916s2009    ge ||||| |||| 00| 0 geo d</controlfield>
  <datafield tag="020" ind1=" " ind2=" ">
    <subfield code="a">9788776886851</subfield>
  </datafield>
  <datafield tag="041" ind1=" " ind2=" ">
    <subfield code="a">geo</subfield>
  </datafield>
  <datafield tag="080" ind1=" " ind2=" ">
    <subfield code="a">159.964+299.93 &#x10F0;-13</subfield>
  </datafield>
  <datafield tag="100" ind1=" " ind2=" ">
    <subfield code="a">&#x10F0;&#x10D0;&#x10D1;&#x10D0;&#x10E0;&#x10D3;&#x10D8;, &#x10DA;. &#x10E0;&#x10DD;&#x10DC;.</subfield>
    <subfield code="9">12481</subfield>
  </datafield>
  <datafield tag="245" ind1=" " ind2=" ">
    <subfield code="a">&#x10D3;&#x10D8;&#x10D0;&#x10DC;&#x10D4;&#x10E2;&#x10D8;&#x10D9;&#x10D0;:</subfield>
    <subfield code="b">&#x10D7;&#x10D0;&#x10DC;&#x10D0;&#x10DB;&#x10D4;&#x10D3;&#x10E0;&#x10DD;&#x10D5;&#x10D4; &#x10DB;&#x10D4;&#x10EA;&#x10DC;&#x10D8;&#x10D4;&#x10E0;&#x10D4;&#x10D1;&#x10D0; &#x10D2;&#x10DD;&#x10DC;&#x10D4;&#x10D1;&#x10D8;&#x10E1; &#x10E8;&#x10D4;&#x10E1;&#x10D0;&#x10EE;&#x10D4;&#x10D1; /</subfield>
    <subfield code="c"> &#x10DA;. &#x10E0;&#x10DD;&#x10DC; &#x10F0;&#x10D0;&#x10D1;&#x10D0;&#x10E0;&#x10D3;&#x10D8;.</subfield>
  </datafield>
  <datafield tag="264" ind1=" " ind2=" ">
    <subfield code="a">Smedeland :</subfield>
    <subfield code="b">Glostrup : New Era Publications International ApS : A Hubbard Publication, </subfield>
    <subfield code="c">2009.</subfield>
  </datafield>
  <datafield tag="300" ind1=" " ind2=" ">
    <subfield code="a">689 &#x10D2;&#x10D5;.;</subfield>
    <subfield code="b">24 &#x10E1;&#x10DB;.</subfield>
  </datafield>
  <datafield tag="440" ind1=" " ind2=" ">
    <subfield code="a">&#x10DC;&#x10DD;&#x10DB;&#x10D4;&#x10E0; &#x10DE;&#x10D8;&#x10E0;&#x10D5;&#x10D4;&#x10DA;&#x10D8; &#x10E1;&#x10D0;&#x10D4;&#x10E0;&#x10D7;&#x10D0;&#x10E8;&#x10DD;&#x10E0;&#x10D8;&#x10E1;&#x10DD; &#x10D1;&#x10D4;&#x10E1;&#x10E2;&#x10D4;&#x10DA;&#x10D4;&#x10E0;&#x10D8;</subfield>
    <subfield code="9">12482</subfield>
  </datafield>
  <datafield tag="500" ind1=" " ind2=" ">
    <subfield code="a">&#x10D8;&#x10DC;&#x10D3;&#x10D4;&#x10E5;&#x10E1;&#x10D4;&#x10D1;&#x10D8;: &#x10D2;&#x10D5;. 631-685</subfield>
  </datafield>
  <datafield tag="653" ind1=" " ind2=" ">
    <subfield code="a">&#x10D3;&#x10D8;&#x10D0;&#x10DC;&#x10D4;&#x10E2;&#x10D8;&#x10D9;&#x10D0;</subfield>
  </datafield>
  <datafield tag="653" ind1=" " ind2=" ">
    <subfield code="a">&#x10E5;&#x10D5;&#x10D4;&#x10EA;&#x10DC;&#x10DD;&#x10D1;&#x10D8;&#x10D4;&#x10E0;&#x10D8;</subfield>
  </datafield>
  <datafield tag="653" ind1=" " ind2=" ">
    <subfield code="a"> &#x10DB;&#x10D4;&#x10EA;&#x10DC;&#x10D8;&#x10D4;&#x10E0;&#x10D4;&#x10D1;&#x10D0; &#x10D2;&#x10DD;&#x10DC;&#x10D4;&#x10D1;&#x10D8;&#x10E1; &#x10E8;&#x10D4;&#x10E1;&#x10D0;&#x10EE;&#x10D4;&#x10D1;</subfield>
  </datafield>
  <datafield tag="942" ind1=" " ind2=" ">
    <subfield code="2">udc</subfield>
    <subfield code="c">BK</subfield>
  </datafield>
  <datafield tag="952" ind1=" " ind2=" ">
    <subfield code="0">0</subfield>
    <subfield code="1">0</subfield>
    <subfield code="2">udc</subfield>
    <subfield code="4">0</subfield>
    <subfield code="6">15996429993_&#x10F0;13</subfield>
    <subfield code="7">0</subfield>
    <subfield code="9">90784</subfield>
    <subfield code="a">CPL</subfield>
    <subfield code="b">CPL</subfield>
    <subfield code="c">GEN</subfield>
    <subfield code="d">2021-09-16</subfield>
    <subfield code="g">8.00</subfield>
    <subfield code="o">159.964+299.93 &#x10F0;-13</subfield>
    <subfield code="p">61695</subfield>
    <subfield code="r">2021-09-16</subfield>
    <subfield code="t">61695</subfield>
    <subfield code="w">2021-09-16</subfield>
    <subfield code="y">BK</subfield>
    <subfield code="z">8 &#x10DA;.</subfield>
  </datafield>
</record>
